Ecosystem service potentials and their indicators in postglacial landscapes : assessment and mapping /

Ecosystem Service Potentials and Their Indicators in Postglacial Landscapes: Assessment and Mapping provides valuable guidance for anyone involved with ecosystem service potential monitoring, use and management--from landscape ecologists and environmental managers, to policymakers and environmental...

Full description

Bibliographic Details
Main Author: Affek, Andrzej (Author)
Corporate Author: ScienceDirect (Online service)
Format: eBook
Language:English
Published: Amsterdam, Netherlands : Elsevier, [2020]
Subjects:
Online Access:Connect to the full text of this electronic book

MARC

Tag First Indicator Second Indicator Subfields
LEADER 00000cam a2200000 i 4500
001 in00005765607
005 20260327163628.3
006 m o d
007 cr cnu---unuuu
008 191118t20202020ne ob 001 0 eng d
040 |a OPELS  |b eng  |e rda  |e pn  |c OPELS  |d DKU  |d OCLCF  |d TFW  |d YDX  |d WAU  |d SFB  |d OCLCQ  |d COM  |d OCLCO  |d OCLCQ  |d OCLCO  |d TFW  |d OCLCL 
019 |a 1140488940 
020 |a 9780128161357  |q (electronic book) 
020 |a 0128161353  |q (electronic book) 
020 |z 9780128161340 
020 |z 0128161345 
035 |a (OCoLC)1127907820  |z (OCoLC)1140488940 
050 4 |a QH541.15.E267 
082 0 4 |a 333.72  |2 23 
049 |a TXAM 
100 1 |a Affek, Andrzej,  |e author. 
245 1 0 |a Ecosystem service potentials and their indicators in postglacial landscapes :  |b assessment and mapping /  |c Andrzej Affek [and seven others]. 
264 1 |a Amsterdam, Netherlands :  |b Elsevier,  |c [2020] 
264 4 |c ©2020 
300 |a 1 online resource (vi, 389 pages) 
336 |a text  |b txt  |2 rdacontent 
337 |a computer  |b c  |2 rdamedia 
338 |a online resource  |b cr  |2 rdacarrier 
504 |a Includes bibliographical references and index. 
505 0 |a Introduction -- Postglacial landscape -- Methods -- CICES V5.1 classification -- Spatial reference units -- Potentials to provide ecosystem services : analytical approach -- Ecosystem potentials to provide ecosystem services : synthetic approach -- Use of ecosystem services and its impact on the perceived ecosystem potentials -- Summing up and conclusions. 
520 |a Ecosystem Service Potentials and Their Indicators in Postglacial Landscapes: Assessment and Mapping provides valuable guidance for anyone involved with ecosystem service potential monitoring, use and management--from landscape ecologists and environmental managers, to policymakers and environmental economists. The book highlights effective measurement tools for evaluating the overall potential of ecosystem services from multiple perspectives. Beginning with an introduction to ecosystem services and the theoretical assumptions and objectives associated with their assessment, the book goes on to outline interdisciplinary methods of evaluation and analysis that are fully supported and illustrated throughout using an insightful case study focused on Wigry National Park. A range of different spatial reference units are also discussed, followed by chapters on both analytical and synthetic approaches to identifying service supply potential. In addition, the use of services and the impact of these uses on the assessment of potential is included, along with a discussion of the future shape of ecosystem service assessment. --  |c Provided by publisher. 
588 0 |a Online resource; title from PDF title page (EBSCOhost, viewed May 15, 2020). 
650 0 |a Ecosystem services. 
650 0 |a Ecosystem services  |v Case studies. 
650 0 |a Ecosystem services  |x Evaluation. 
650 0 |a Ecosystem services  |x Simulation methods. 
650 0 |a Landscape ecology. 
650 6 |a Services des écosystèmes. 
650 6 |a Services des écosystèmes  |v Études de cas. 
650 6 |a Services des écosystèmes  |x Évaluation. 
650 6 |a Services des écosystèmes  |x Méthodes de simulation. 
650 6 |a Écologie du paysage. 
650 7 |a Ecosystem services  |2 fast 
650 7 |a Landscape ecology  |2 fast 
655 7 |a Electronic books.  |2 local 
655 7 |a Case studies  |2 fast 
655 7 |a Case studies.  |2 lcgft 
655 7 |a Études de cas.  |2 rvmgf 
710 2 |a ScienceDirect (Online service) 
758 |i has work:  |a Ecosystem Service Potentials and Their Indicators in Postglacial Landscapes : Assessment and Mapping (Text)  |1 https://id.oclc.org/worldcat/entity/E39PCYWMcHDQwHXFRKT83FTWDq  |4 https://id.oclc.org/worldcat/ontology/hasWork 
776 0 8 |i Print version:  |a Roo-Zielińska, Ewa.  |t Ecosystem service potentials and their indicators in postglacial landscapes.  |d Amsterdam : Elsevier, 2019  |z 9780128161340  |w (OCoLC)1121093325 
856 4 0 |u http://proxy.library.tamu.edu/login?url=https://www.sciencedirect.com/science/book/9780128161340  |z Connect to the full text of this electronic book  |t 0 
955 |a Elsevier ScienceDirect 2026-2027 
994 |a 92  |b TXA 
999 f f |i 500eec90-d8b6-43d8-bb60-ed958ddde087  |s 6724b381-00a2-4ac1-bb66-913fe2388cc9  |t 0 
952 f f |a Texas A&M University  |b College Station  |c Electronic Resources  |s www_evans  |d Available Online  |t 0  |e QH541.15.E267   |h Library of Congress classification 
998 f f |a QH541.15.E267   |t 0  |l Available Online